[Event "Titled Tue 19th May 2026"]
[Site "chess.com INT"]
[Date "2026.05.19"]
[Round "9"]
[White "Korobov, A."]
[Black "Dubov, Daniil"]
[Result "0-1"]
[WhiteElo "2612"]
[BlackElo "2654"]
[PlyCount "102"]
[EventDate "2026.05.19"]

1. c4 e6 2. Nc3 d5 3. d4 c5 4. e3 Nf6 5. Nf3 a6 6. b3 cxd4 7. exd4 Nc6 ({RR} 7... Bb4 8. Bd2 Nc6 9. a3 Bxc3 10. Bxc3 Ne4 11. Bb2 Qa5+ 12. Nd2 O-O 13. Bd3 f5 14. f3 Nxd2 15. Qxd2 Qb6 16. Qc3 Bd7 17. c5 Qc7 18. O-O Ne7 19. b4 Ng6 20. a4 Nf4 21. b5 Rf6 22. b6 {Moiseenko,A (2568)-Makaraci,T (2233) London ENG 2025 1-0 (70)}) ({RR} 7... Bb4 8. Bd2 Nc6 9. a3 Bxc3 10. Bxc3 Ne4 11. Bb2 Qa5+ 12. Nd2 O-O 13. Bd3 f5 14. f3 Nxd2 15. Qxd2 Qb6 16. Qc3 Bd7 17. c5 Qc7 18. O-O Ne7 19. b4 Ng6 20. a4 Nf4 21. b5 Rf6 22. b6 {Moiseenko,A (2568)-Makaraci,T (2233) London ENG 2025 1-0 (70)}) 8. Be2 Bb4 9. Bb2 O-O $146 ({RR} 9... Ne4 10. Rc1 Qa5 11. Qc2 Qxa2 12. O-O Bxc3 13. Bxc3 Qxc2 14. Rxc2 O-O 15. Bb2 Bd7 16. Ra1 Rfc8 17. Rcc1 f6 18. Bd3 Nd6 19. Bc3 Nf7 20. Re1 Re8 21. h3 Rac8 22. Rad1 Ncd8 23. Bd2 Bc6 24. Bb4 {Krklec,J (2102)-Garac,M (1911) Grubisno Polje 2014 ½-½ (51)}) ({RR} 9... Ne4 10. Qd3 Qa5 11. Rc1 Qxa2 12. Qc2 Nxc3 13. Bxc3 Qxc2 14. Rxc2 dxc4 15. bxc4 O-O 16. O-O Rd8 17. Rd1 Bxc3 18. Rxc3 Rb8 19. Rb3 b5 20. cxb5 axb5 21. Rxb5 Rxb5 22. Bxb5 Nb4 23. Ne5 Nc2 24. Nf3 {Anadol,C-Garcia Terente,J Dos Hermanas 2003 0-1}) ({RR} 9... Ne4 10. Rc1 Qa5 11. Qc2 Qxa2 12. O-O Bxc3 13. Bxc3 Qxc2 14. Rxc2 O-O 15. Bb2 Bd7 16. Ra1 Rfc8 17. Rcc1 f6 18. Bd3 Nd6 19. Bc3 Nf7 20. Re1 Re8 21. h3 Rac8 22. Rad1 Ncd8 23. Bd2 Bc6 24. Bb4 {Krklec,J (2102)-Garac,M (1911) Grubisno Polje 2014 ½-½ (51)}) ({RR} 9... Ne4 10. Qd3 Qa5 11. Rc1 Qxa2 12. Qc2 Nxc3 13. Bxc3 Qxc2 14. Rxc2 dxc4 15. bxc4 O-O 16. O-O Rd8 17. Rd1 Bxc3 18. Rxc3 Rb8 19. Rb3 b5 20. cxb5 axb5 21. Rxb5 Rxb5 22. Bxb5 Nb4 23. Ne5 Nc2 24. Nf3 {Anadol,C-Garcia Terente,J Dos Hermanas 2003 0-1}) 10. O-O b6 11. a3 Bxc3 12. Bxc3 Bb7 13. Re1 Rc8 14. Bd3 Ne7 15. a4 dxc4 16. bxc4 Ng6 17. Bf1 Ne4 18. Bb4 Re8 19. a5 bxa5 20. Bxa5 Qf6 21. Ra3 Re7 22. Qb1 Ng5 23. Nxg5 Qxg5 24. Bb4 Rd7 25. Rg3 Qf6 26. Bc3 Qd8 27. Qa1 Qf8 28. Bd3 Rdc7 29. h4 h6 30. Bxg6 fxg6 31. Rxe6 g5 32. hxg5 h5 33. c5 h4 34. Rge3 Qf5 35. Qd1 Rf8 36. f3 h3 37. d5 hxg2 38. Kxg2 Bxd5 39. R6e5 Qg4+ 40. Kf2 Qh4+ 41. Kg2 Qg4+ 42. Kf2 Qh4+ 43. Kg2 Bxf3+ 44. Rxf3 Qg4+ 45. Kf2 Rcf7 46. Ree3 Qh4+ 47. Ke2 Qh2+ 48. Kd3 Rd7+ 49. Bd4 Rxd4+ 50. Kxd4 Rd8+ 51. Kc4 Rxd1 0-1

[Event "Titled Tue 19th May 2026"]
[Site "chess.com INT"]
[Date "2026.05.19"]
[Round "10"]
[White "Lazavik, Denis"]
[Black "Dubov, Daniil"]
[Result "0-1"]
[WhiteElo "2621"]
[BlackElo "2654"]
[PlyCount "168"]
[EventDate "2026.05.19"]

1. d4 d5 2. c4 e6 3. Nc3 c5 4. cxd5 cxd4 5. Qa4+ Bd7 6. Qxd4 exd5 7. Qxd5 Nf6 8. Qd1 Bc5 9. e3 O-O 10. Nf3 Nc6 11. Be2 Qe7 12. O-O Ne5 13. Nd4 ({RR} 13. Qb3 b5 14. Rd1 Rad8 15. a3 Rfe8 16. h3 a6 17. Nd4 Nc6 18. Qc2 Rc8 19. Nf3 Ne5 20. Nd4 Nc6 21. Bf1 h5 22. Qd3 Rcd8 23. Qc2 Rc8 24. Nf5 Qe6 25. Ng3 Ne5 26. Bd2 Bd6 27. Be1 Bb8 {Reckless 0.10.0-dev-9057bc13 (3749)-Stoofvlees II d9 (3541) tcec-chess.com INT 2026 ½-½ (64)}) ({RR} 13. a3 Rac8 14. Qc2 Rfe8 15. Rd1 Neg4 16. Qd2 Nxf2 17. Re1 N2g4 18. Qd3 Nxe3 19. Bxe3 Bxe3+ 20. Kf1 Ng4 21. Bd1 Bc6 22. Bc2 g6 23. h3 Bxf3 24. hxg4 Qh4 25. Rxe3 Qh1+ 26. Kf2 Qxg2+ 27. Ke1 Qg1+ {Gholami Orimi,M (2507)-Maurizzi,M (2576) Sitges ESP 2024 0-1}) ({RR} 13. Qb3 b5 14. Rd1 Rad8 15. a3 Rfe8 16. h3 a6 17. Nd4 Nc6 18. Qc2 Rc8 19. Nf3 Ne5 20. Nd4 Nc6 21. Bf1 h5 22. Qd3 Rcd8 23. Qc2 Rc8 24. Nf5 Qe6 25. Ng3 Ne5 26. Bd2 Bd6 27. Be1 Bb8 {Reckless 0.10.0-dev-9057bc13 (3749)-Stoofvlees II d9 (3541) tcec-chess.com INT 2026 ½-½ (64)}) ({RR} 13. a3 Rac8 14. Qc2 Rfe8 15. Rd1 Neg4 16. Qd2 Nxf2 17. Re1 N2g4 18. Qd3 Nxe3 19. Bxe3 Bxe3+ 20. Kf1 Ng4 21. Bd1 Bc6 22. Bc2 g6 23. h3 Bxf3 24. hxg4 Qh4 25. Rxe3 Qh1+ 26. Kf2 Qxg2+ 27. Ke1 Qg1+ {Gholami Orimi,M (2507)-Maurizzi,M (2576) Sitges ESP 2024 0-1}) 13... a6 $146 ({RR} 13... Nc6 14. Bf3 Rad8 15. Bxc6 bxc6 16. Qf3 Bd6 17. Nf5 Bxf5 18. Qxf5 Be5 19. Rb1 Rfe8 20. h3 Bxc3 21. bxc3 Ne4 22. c4 Nd2 23. Bxd2 Rxd2 24. Rfd1 Rxa2 25. Rd7 Qf6 26. Qxf6 gxf6 27. Rbb7 Rf8 28. Rdc7 {Lobanov,S (2506)-Tari,A (2634) chess.com INT 2024 ½-½ (80)}) ({RR} 13... Nc6 14. Bf3 Rad8 15. Bxc6 bxc6 16. Qf3 Bd6 17. Nf5 Bxf5 18. Qxf5 Be5 19. Rb1 Rfe8 20. h3 Bxc3 21. bxc3 Ne4 22. c4 Nd2 23. Bxd2 Rxd2 24. Rfd1 Rxa2 25. Rd7 Qf6 26. Qxf6 gxf6 27. Rbb7 Rf8 28. Rdc7 {Lobanov,S (2506)-Tari,A (2634) chess.com INT 2024 ½-½ (80)}) 14. b3 Rfe8 15. Bb2 Rad8 16. Qc2 Neg4 17. Nf5 Bxf5 18. Qxf5 Nxf2 19. Rxf2 Qxe3 20. Raf1 Rd2 21. Bc1 Qxc3 22. Bxd2 Bxf2+ 23. Qxf2 Qxd2 24. Bf3 Qb4 25. h3 h5 26. Rd1 b6 27. Qd4 Qa5 28. b4 Qxa2 29. Qxb6 Qa3 30. Rd8 Qc1+ 31. Kh2 Qf4+ 32. Kg1 Rxd8 33. Qxd8+ Kh7 34. Qd3+ Kg8 35. Qd8+ Kh7 36. Qd3+ Kh6 37. Qb3 Qd4+ 38. Kh2 Qf4+ 39. Kg1 Nh7 40. Qa3 g6 41. Qc3 Nf6 42. Be2 Nd5 43. Qh8+ Kg5 44. Qd8+ Nf6 45. Qb6 Kh6 46. Qc5 Ne4 47. Qd4 Qc1+ 48. Kh2 Qf4+ 49. Kg1 Ng3 50. Qh8+ Kg5 51. Qd8+ f6 52. Bxa6 Qc1+ 53. Kf2 Ne4+ 54. Ke2 Ng3+ 55. Kf2 Ne4+ 56. Ke2 Qf4 57. Qd5+ Kh4 58. Qd4 f5 59. Qe3 Ng3+ 60. Kd3 Qxb4 61. Qd4+ Qxd4+ 62. Kxd4 Nh1 63. Ke5 Kg3 64. Kf6 f4 65. Kxg6 h4 66. Bb7 Nf2 67. Kg5 Nd3 68. Kf5 Ne1 69. Kg5 Nd3 70. Kf5 Nc5 71. Bc6 Na4 72. Bd5 Nc3 73. Bb7 Ne2 74. Bc6 Nd4+ 75. Kg5 f3 76. Bxf3 Ne6+ 77. Kh5 Nd4 78. Kg5 Nxf3+ 79. Kg6 Ne1 80. Kf7 Nxg2 81. Ke8 Nf4 82. Kd8 Nxh3 83. Kc8 Nf4 84. Kb8 h3 0-1

[Event "75th Ann. Karpov 2026"]
[Site "Moscow RUS"]
[Date "2026.05.22"]
[Round "4.4"]
[White "Radjabov, T."]
[Black "Dubov, Daniil"]
[Result "1/2-1/2"]
[WhiteElo "2689"]
[BlackElo "2654"]
[PlyCount "48"]
[EventDate "2026.05.21"]

1. c4 {Rogozenco,Dorian Rogozenco,Dorian} e6 2. Nc3 d5 3. d4 c5 4. e3 Nf6 5. Nf3 a6 6. dxc5 Bxc5 7. a3 O-O 8. b4 Bd6 9. Bb2 Nc6 10. cxd5 exd5 11. Be2 Re8 12. O-O Bg4 ({RR} 12... Bc7 13. Qc2 Qd6 14. Rfd1 Bg4 15. g3 Rad8 16. b5 Ne5 17. Nd4 h5 18. a4 h4 19. Ba3 Qd7 20. Bxg4 Qxg4 21. Qf5 hxg3 22. hxg3 Nc4 23. bxa6 Bxg3 24. Qxg4 Bxf2+ 25. Kxf2 Nxg4+ 26. Kf3 Ngxe3 27. Re1 {Martins,V (2257)-Garmendia Vega,G (2100) Foz do Iguacu BRA 2025 ½-½ (90)}) ({RR} 12... Bc7 13. Qc2 Qd6 14. Rfd1 Bg4 15. g3 Rad8 16. b5 Ne5 17. Nd4 h5 18. a4 h4 19. Ba3 Qd7 20. Bxg4 Qxg4 21. Qf5 hxg3 22. hxg3 Nc4 23. bxa6 Bxg3 24. Qxg4 Bxf2+ 25. Kxf2 Nxg4+ 26. Kf3 Ngxe3 27. Re1 {Martins,V (2257)-Garmendia Vega,G (2100) Foz do Iguacu BRA 2025 ½-½ (90)}) 13. Nd4 ({RR} 13. b5 Na5 ({RR} 13... axb5 14. Nxb5) ({RR} 13... axb5 14. Nxb5) 14. bxa6 bxa6 15. Na4 Nc4 16. Bd4 ({RR} 16. Bxf6 Qxf6 17. Qxd5 Ne5) ({RR} 16. Bxf6 Qxf6 17. Qxd5 Ne5) 16... Ne4 17. Nc3 Qa5 ({RR} 17... Bxf3 18. Bxf3 Ncd2 ({RR} 18... Ned2 19. Bxd5) ({RR} 18... Ned2 19. Bxd5) 19. Bxe4 ({RR} 19. Re1 Bxh2+ 20. Kxh2 Qh4+ 21. Kg1 Qxf2+ 22. Kh2 Re6) ({RR} 19. Re1 Bxh2+ 20. Kxh2 Qh4+ 21. Kg1 Qxf2+ 22. Kh2 Re6) 19... Nxe4 20. Nxe4 dxe4 ({RR} 20... Rxe4 21. h3) ({RR} 20... Rxe4 21. h3) 21. Qa4) ({RR} 17... Bxf3 18. Bxf3 Ncd2 19. Bxe4 Nxe4 20. Nxe4 dxe4 21. Qa4) 18. Bxc4 dxc4 19. Nxe4 Rxe4 20. h3 ({RR} 20. Bxg7 Bxh2+ ({RR} 20... Rd8 21. Bd4 Qh5) ({RR} 20... Rd8 21. Bd4 Qh5) 21. Kxh2 Kxg7) ({RR} 20. Bxg7 Bxh2+ 21. Kxh2 Kxg7) 20... Bxf3 ({RR} 20... Bxh3 21. gxh3 Qh5 ({RR} 21... Qf5 22. Ne1 ({RR} 22. Nh2 Bxh2+ 23. Kxh2 Rh4) ({RR} 22. Nh2 Bxh2+ 23. Kxh2 Rh4) 22... Qxh3 23. f4 Rxe3 24. Bxe3 Qxe3+ 25. Kg2) ({RR} 21... Qf5 22. Ne1 Qxh3 23. f4 Rxe3 24. Bxe3 Qxe3+ 25. Kg2) 22. Nh2 Qxh3 23. f4 Rxe3 24. Bxe3 Qxe3+ 25. Kg2) ({RR} 20... Bh5 21. Bxg7 Re6 ({RR} 21... Rd8 22. Bd4) ({RR} 21... Kxg7 22. Qxd6 Bxf3 23. gxf3) ({RR} 21... Rd8 22. Bd4) ({RR} 21... Kxg7 22. Qxd6 Bxf3 23. gxf3) 22. Bd4 Rg6 23. Re1) ({RR} 20... Bxh3 21. gxh3 Qh5 22. Nh2 Qxh3 23. f4 Rxe3 24. Bxe3 Qxe3+ 25. Kg2) ({RR} 20... Bh5 21. Bxg7 Re6 22. Bd4 Rg6 23. Re1) 21. Qxf3 Rae8 22. Rfc1 ({RR} 22. Rac1 Bxa3 23. Rxc4) ({RR} 22. Rac1 Bxa3 23. Rxc4) 22... Qd5 23. Rd1 Be5 24. Bc3 Qe6 25. Rac1 Bxc3 26. Rxc3 g6 27. Qg3 Qf6 {Wang,H (2733)-Radjabov,T (2723) Bucharest 2013 CBM 157 [Rogozenco,Dorian] ½-½ (36)}) ({RR} 13. Rc1) ({RR} 13. b5 Na5 14. bxa6 bxa6 15. Na4 Nc4 16. Bd4 Ne4 17. Nc3 Qa5 18. Bxc4 dxc4 19. Nxe4 Rxe4 20. h3 Bxf3 21. Qxf3 Rae8 22. Rfc1 Qd5 23. Rd1 Be5 24. Bc3 Qe6 25. Rac1 Bxc3 26. Rxc3 g6 27. Qg3 Qf6 {Wang,H (2733)-Radjabov,T (2723) Bucharest 2013 CBM 157 [Rogozenco,Dorian] ½-½ (36)}) ({RR} 13. Rc1) 13... Nxd4 $146 ({RR} 13... Ne5 14. Nxd5 Nxd5 15. Bxg4 Nc4 16. Bc1 Qc7 17. g3 Rad8 18. Qb3 Be5 19. Rd1 g6 20. Bf3 h5 21. Ra2 Nf6 22. a4 Nd6 23. Rc2 Qe7 24. Ba3 h4 25. b5 hxg3 26. hxg3 a5 27. b6 Nh7 28. Bg2 {Saad,A (2128)-Ibrahim,H (2332) Cairo 2010 0-1 (33)}) ({RR} 13... Ne5 14. Nxd5 Nxd5 15. Bxg4 Nc4 16. Bc1 Qc7 17. g3 Rad8 18. Qb3 Be5 19. Rd1 g6 20. Bf3 h5 21. Ra2 Nf6 22. a4 Nd6 23. Rc2 Qe7 24. Ba3 h4 25. b5 hxg3 26. hxg3 a5 27. b6 Nh7 28. Bg2 {Sadek,S (2342)-Ibrahim,M (2140) Cairo 2010 1-0 (34)}) ({RR} 13... Ne5 14. Nxd5 Nxd5 15. Bxg4 Nc4 16. Bc1 Qc7 17. g3 Rad8 18. Qb3 Be5 19. Rd1 g6 20. Bf3 h5 21. Ra2 Nf6 22. a4 Nd6 23. Rc2 Qe7 24. Ba3 h4 25. b5 hxg3 26. hxg3 a5 27. b6 Nh7 28. Bg2 {Saad,A (2128)-Ibrahim,H (2332) Cairo 2010 0-1 (33)}) ({RR} 13... Ne5 14. Nxd5 Nxd5 15. Bxg4 Nc4 16. Bc1 Qc7 17. g3 Rad8 18. Qb3 Be5 19. Rd1 g6 20. Bf3 h5 21. Ra2 Nf6 22. a4 Nd6 23. Rc2 Qe7 24. Ba3 h4 25. b5 hxg3 26. hxg3 a5 27. b6 Nh7 28. Bg2 {Sadek,S (2342)-Ibrahim,M (2140) Cairo 2010 1-0 (34)}) 14. Bxg4 Nc6 15. Bf3 Be5 16. Na4 Bxb2 17. Nxb2 Qd6 18. Nd3 a5 19. Rb1 axb4 20. Nxb4 Red8 21. Nc2 Qe7 22. Qe2 Ne4 23. Bxe4 Qxe4 24. Rfe1 d4 1/2-1/2

[Event "14th Norway Armageddon"]
[Site "Oslo NOR"]
[Date "2026.05.27"]
[Round "3.1"]
[White "Gukesh, D."]
[Black "Firouzja, Alireza"]
[Result "0-1"]
[WhiteElo "2732"]
[BlackElo "2759"]
[PlyCount "124"]
[EventDate "2026.05.25"]

1. d4 d5 2. c4 e6 3. Nc3 c5 4. cxd5 exd5 5. Nf3 Nc6 6. Bf4 Nf6 7. e3 cxd4 8. Nxd4 Bb4 9. Bb5 Bd7 10. Nde2 ({RR} 10. O-O O-O 11. Rc1 Bxc3 12. Rxc3 Qb6 13. Bxc6 bxc6 14. Qc2 Ne4 15. Rb3 Qa6 16. Ra3 Qb6 17. Rb3 Qd8 18. Ra3 c5 19. Nb3 Bf5 20. Qe2 Bg6 21. Qb5 Qb6 22. Ra5 Rfc8 23. f3 c4 24. fxe4 cxb3 {Graf,A (2575)-Vladimirov,Y (2580) Tashkent 1987 0-1 (56)}) ({RR} 10. O-O Bxc3 11. bxc3 O-O 12. c4 Nxd4 13. Qxd4 dxc4 14. Bxc4 Be6 15. Bxe6 fxe6 16. Qb2 Qe7 17. Rfd1 Rfd8 18. h3 b6 19. Rxd8+ Rxd8 20. Rc1 Ne4 21. Rc6 Qe8 22. Rc7 Rd7 23. Qe5 Nc5 24. Kh2 h6 {Martinovic,S (2552)-Palac,M (2482) Split CRO 2023 ½-½ (31)}) ({RR} 10. O-O O-O 11. Rc1 Bxc3 12. Rxc3 Qb6 13. Bxc6 bxc6 14. Qc2 Ne4 15. Rb3 Qa6 16. Ra3 Qb6 17. Rb3 Qd8 18. Ra3 c5 19. Nb3 Bf5 20. Qe2 Bg6 21. Qb5 Qb6 22. Ra5 Rfc8 23. f3 c4 24. fxe4 cxb3 {Graf,A (2575)-Vladimirov,Y (2580) Tashkent 1987 0-1 (56)}) ({RR} 10. O-O Bxc3 11. bxc3 O-O 12. c4 Nxd4 13. Qxd4 dxc4 14. Bxc4 Be6 15. Bxe6 fxe6 16. Qb2 Qe7 17. Rfd1 Rfd8 18. h3 b6 19. Rxd8+ Rxd8 20. Rc1 Ne4 21. Rc6 Qe8 22. Rc7 Rd7 23. Qe5 Nc5 24. Kh2 h6 {Martinovic,S (2552)-Palac,M (2482) Split CRO 2023 ½-½ (31)}) 10... O-O 11. O-O Be6 12. Qa4 Qa5 $146 ({RR} 12... Bxc3 13. Nxc3 Qb6 14. Rfc1 Rfc8 15. Bf1 a6 16. h3 h6 17. Qd1 Qd8 18. Na4 Nd7 19. Be2 b5 20. Nc5 Nxc5 21. Rxc5 Qf6 22. Qd2 Ne5 23. Rxc8+ Rxc8 24. Qd4 Ng6 25. Qxf6 gxf6 26. Bd6 Ne5 27. Bb4 {Kortschnoj,V-Kholmov,R Tbilisi 1959 ½-½ (55)}) ({RR} 12... Bxc3 13. Nxc3 Qb6 14. Rfc1 Rfc8 15. Bf1 a6 16. h3 h6 17. Qd1 Qd8 18. Na4 Nd7 19. Be2 b5 20. Nc5 Nxc5 21. Rxc5 Qf6 22. Qd2 Ne5 23. Rxc8+ Rxc8 24. Qd4 Ng6 25. Qxf6 gxf6 26. Bd6 Ne5 27. Bb4 {Kortschnoj,V-Kholmov,R Tbilisi 1959 ½-½ (55)}) 13. Bxc6 bxc6 14. Qxc6 Rfc8 15. Qa4 Ne4 16. Qxa5 Bxa5 17. Nxe4 dxe4 18. Nd4 Bc4 19. Rfc1 Bb4 20. a3 Bf8 21. b4 Bd3 22. Bc7 a6 23. Rc3 h5 24. Rac1 Re8 25. Rc6 Be7 26. h3 Bf6 27. a4 Ra7 28. Bb6 Rd7 29. Nb3 Bb2 30. Rd1 Bb5 31. Rxd7 Bxc6 32. Rd2 Ba3 33. b5 axb5 34. Nd4 Bb4 35. Rc2 Bd5 36. axb5 Ra8 37. Bc5 Ra1+ 38. Kh2 Ba5 39. Nc6 Bc7+ 40. g3 Bb3 41. Rb2 Bd1 42. Nd4 Be5 43. Rd2 Bxd4 44. Bxd4 Rb1 45. g4 h4 46. Rxd1 Rxd1 47. b6 Rb1 48. Kg2 f6 49. f4 Kf7 50. f5 g6 51. fxg6+ Kxg6 52. Kf2 f5 53. gxf5+ Kxf5 54. Ke2 Ke6 55. Kd2 Kd7 56. Kc3 Kc6 57. Bf6 Rh1 58. Kd4 Rxh3 59. Bd8 Kb7 60. Kxe4 Rh1 61. Kf3 h3 62. Kg3 h2 0-1

[Event "EU-chT 25th"]
[Site "Batumi"]
[Date "2025.10.14"]
[Round "9.2"]
[White "Indjic, Aleksandar"]
[Black "Mamedov, Rauf"]
[Result "1-0"]
[WhiteElo "2618"]
[BlackElo "2655"]
[PlyCount "131"]
[EventDate "2025.10.05"]
[EventType "team-swiss"]
[EventRounds "9"]
[EventCountry "RUS"]
[SourceTitle "Mega2025 Update 50"]
[Source "Chessbase"]
[SourceDate "2025.10.20"]
[SourceVersion "1"]
[SourceVersionDate "2025.10.20"]
[SourceQuality "1"]
[WhiteTeam "Serbia"]
[BlackTeam "Azerbaijan"]
[WhiteTeamCountry "SRB"]
[BlackTeamCountry "AZE"]

1. d4 d5 2. c4 e6 3. Nf3 c5 4. cxd5 exd5 5. Bg5 Nf6 6. Bxf6 Qxf6 7. Nc3 Be6 8. e3 c4 9. a3 Be7 10. g3 O-O 11. Bg2 Nc6 $146 ({RR} 11... Rd8 12. O-O Nc6 13. Nd2 Bf8 14. b3 Rac8 15. bxc4 dxc4 16. Qb1 Na5 17. Nde4 Qg6 18. Qb5 b6 19. Ra2 Nb3 20. h4 h6 21. Qe5 f5 22. Nd2 Bd6 23. Qb5 f4 24. gxf4 a6 25. Qxa6 Bxf4 26. exf4 {Sarana,A (2703)-Olsen,F (2440) chess.com INT 2024 1-0 (40)}) ({RR} 11... Rd8 12. O-O Nc6 13. Nd2 Bf8 14. b3 Rac8 15. bxc4 dxc4 16. Qb1 Na5 17. Nde4 Qg6 18. Qb5 b6 19. Ra2 Nb3 20. h4 h6 21. Qe5 f5 22. Nd2 Bd6 23. Qb5 f4 24. gxf4 a6 25. Qxa6 Bxf4 26. exf4 {Sarana,A (2703)-Olsen,F (2440) chess.com INT 2024 1-0 (40)}) 12. Ng1 Rfd8 13. Nge2 Bf8 14. Nf4 Ne7 15. b3 Rac8 16. h4 g6 17. O-O Bh6 18. Nxe6 fxe6 19. Rb1 b6 20. a4 Kh8 21. bxc4 Rxc4 22. Nb5 e5 23. Qb3 exd4 24. Nxd4 Bg7 25. Rbd1 a5 26. Bh3 Rb4 27. Qc2 Rc4 28. Qa2 Rd6 29. Rc1 Qf7 30. Rxc4 dxc4 31. Nb5 Rc6 32. Rd1 h6 33. Bg2 Rc5 34. Nd6 Qe6 35. Bf1 Rd5 36. Rxd5 Nxd5 37. Nxc4 Nb4 38. Qd2 Nd5 39. Bg2 Nc3 40. Qd8+ Kh7 41. Nxb6 Qf5 42. Bd5 Qb1+ 43. Kh2 Nxd5 44. Nxd5 Qa2 45. Nf6+ Bxf6 46. Qxf6 Qxa4 47. Qf7+ Kh8 48. Qxg6 Qa2 49. Qxh6+ Kg8 50. Qg6+ Kh8 51. Qf6+ Kg8 52. h5 a4 53. Qd8+ Kh7 54. Qf8 Qe6 55. Kg1 Qg4 56. Qf7+ Kh6 57. Kg2 Qe4+ 58. f3 Qc2+ 59. Kh3 a3 60. g4 Qb1 61. Qf8+ Kh7 62. Qxa3 Qe1 63. Qe7+ Kh8 64. g5 Qh1+ 65. Kg3 Qg1+ 66. Kf4 1-0

[Event "2nd 3-0 Thu 4th Dec 2025"]
[Site "chess.com INT"]
[Date "2025.12.04"]
[Round "10"]
[White "Svane, R."]
[Black "Wagner, De"]
[Result "0-1"]
[WhiteElo "2609"]
[BlackElo "2600"]
[PlyCount "90"]
[EventDate "2025.12.04"]

1. Nf3 c5 2. c4 Nf6 3. Nc3 e6 4. g3 d5 5. cxd5 exd5 6. d4 Nc6 7. Bg2 cxd4 8. Nxd4 Bc5 9. Nb3 Bb6 10. Na4 O-O 11. Nxb6 axb6 12. Nd4 ({RR} 12. Be3 Re8 13. O-O Bg4 14. Re1 h5 15. Bg5 Re5 16. Qd2 Qe7 17. h3 Bf5 18. Nd4 Nxd4 19. Qxd4 Be4 20. Bxf6 Qxf6 21. a3 h4 22. g4 Rc8 23. Rac1 Rce8 24. f3 Bh7 25. f4 R5e6 26. Qxf6 Rxf6 {Svane,R (2621)-Vaishali,R (2476) chess.com INT 2025 1-0 (57)}) ({RR} 12. Be3 Re8 13. O-O Bg4 14. Re1 h5 15. Bg5 Re5 16. Qd2 Qe7 17. h3 Bf5 18. Nd4 Nxd4 19. Qxd4 Be4 20. Bxf6 Qxf6 21. a3 h4 22. g4 Rc8 23. Rac1 Rce8 24. f3 Bh7 25. f4 R5e6 26. Qxf6 Rxf6 {Svane,R (2621)-Vaishali,R (2476) chess.com INT 2025 1-0 (57)}) 12... Re8 13. b3 ({RR} 13. O-O Nxd4 14. Qxd4 Rxe2 15. Be3 Rc2 16. Rfc1 Rxc1+ 17. Rxc1 Bd7 18. Qxb6 Qxb6 19. Bxb6 Rxa2 20. Bd4 Bc6 21. b4 Ra4 22. Bxf6 gxf6 23. b5 Bxb5 24. Bxd5 Bc6 25. Bxc6 bxc6 26. Rxc6 Kg7 27. Kg2 Ra2 {Giri,A (2777)-Carlsen,M (2855) chess24.com INT 2021 ½-½ (31)}) ({RR} 13. O-O Nxd4 14. Qxd4 Rxe2 15. Be3 Rc2 16. Rfc1 Rxc1+ 17. Rxc1 Bd7 18. Qxb6 Qxb6 19. Bxb6 Rxa2 20. Bd4 Bc6 21. b4 Ra4 22. Bxf6 gxf6 23. b5 Bxb5 24. Bxd5 Bc6 25. Bxc6 bxc6 26. Rxc6 Kg7 27. Kg2 Ra2 {Giri,A (2777)-Carlsen,M (2855) chess24.com INT 2021 ½-½ (31)}) 13... Nxd4 $146 ({RR} 13... h5 14. Bb2 h4 15. O-O h3 16. Bf3 Ne4 17. a4 Qg5 18. Nb5 Rd8 19. Bc1 Qf6 20. Bf4 Bf5 21. Bc7 Rd7 22. Bxb6 d4 23. Bxe4 Bxe4 24. f3 Ne5 25. a5 Bc6 26. Nxd4 Ra6 27. e3 Rxd4 28. Bxd4 {Svane,F (2639)-Costa,L (2472) Rosenheim GER 2023 ½-½ (98)}) ({RR} 13... Qe7 14. O-O Nxd4 15. Qxd4 Qxe2 16. Bg5 Ne4 17. Rfe1 Qb5 18. a4 Qc6 19. Be3 Bf5 20. Rac1 Qd7 21. Qxb6 Rac8 22. Bf1 Nc3 23. Qa5 Qc7 24. Qxc7 Rxc7 25. Bb6 Rxe1 26. Rxe1 Rc8 27. Re7 h5 28. Rxb7 {Huang,R (2515)-Dong,H (2365) Xinghua CHN 2026 1-0 (50)}) ({RR} 13... h5 14. Bb2 h4 15. O-O h3 16. Bf3 Ne4 17. a4 Qg5 18. Nb5 Rd8 19. Bc1 Qf6 20. Bf4 Bf5 21. Bc7 Rd7 22. Bxb6 d4 23. Bxe4 Bxe4 24. f3 Ne5 25. a5 Bc6 26. Nxd4 Ra6 27. e3 Rxd4 28. Bxd4 {Svane,F (2639)-Costa,L (2472) Rosenheim GER 2023 ½-½ (98)}) ({RR} 13... Qe7 14. O-O Nxd4 15. Qxd4 Qxe2 16. Bg5 Ne4 17. Rfe1 Qb5 18. a4 Qc6 19. Be3 Bf5 20. Rac1 Qd7 21. Qxb6 Rac8 22. Bf1 Nc3 23. Qa5 Qc7 24. Qxc7 Rxc7 25. Bb6 Rxe1 26. Rxe1 Rc8 27. Re7 h5 28. Rxb7 {Huang,R (2515)-Dong,H (2365) Xinghua CHN 2026 1-0 (50)}) 14. Qxd4 Bf5 15. Bb2 Be4 16. f3 Bg6 17. Kf2 Re6 18. Rhe1 Qe7 19. a3 Re8 20. e3 Rc6 21. Rac1 Qc7 22. Qf4 Rc2+ 23. Rxc2 Qxc2+ 24. Re2 Qxb3 25. Bxf6 gxf6 26. Qxf6 Re6 27. Qd4 Bd3 28. Rd2 Bc4 29. h4 Qxa3 30. Bh3 Rc6 31. Bd7 Rc7 32. Qe5 Qc1 33. Qg5+ Kf8 34. Qd8+ Kg7 35. g4 Qxd2+ 36. Kg3 Qxe3 37. Qxc7 Qg1+ 38. Kf4 Qh2+ 39. Kg5 Qxc7 40. Bf5 Qe5 41. Kh5 f6 42. f4 Qxf4 43. g5 fxg5 44. hxg5 Be2+ 45. Bg4 Qxg4# 0-1

[Event "Khanty-Mansiysk Karpov 22nd"]
[Site "Khanty Mansiysk"]
[Date "2025.07.21"]
[Round "6"]
[White "Sadhwani, Raunak"]
[Black "Sargsyan, Shant"]
[Result "1/2-1/2"]
[WhiteElo "2681"]
[BlackElo "2669"]
[PlyCount "42"]
[EventDate "2025.07.15"]
[EventType "tourn"]
[EventRounds "9"]
[EventCountry "RUS"]
[EventCategory "16"]
[SourceTitle "Mega2025 Update 39"]
[Source "Chessbase"]
[SourceDate "2025.07.31"]
[SourceVersion "1"]
[SourceVersionDate "2025.07.31"]
[SourceQuality "1"]

1. Nf3 d5 2. e3 Nf6 3. c4 e6 4. Nc3 c5 5. cxd5 exd5 6. d4 Nc6 7. Bb5 cxd4 8. Nxd4 Bd7 9. O-O Bd6 10. Nf3 Be6 11. b3 O-O 12. Bb2 Ne5 ({RR} 12... a6 13. Bd3 Bg4 14. h3 Bh5 15. Be2 Re8 16. Nh4 Bg6 17. Nxg6 hxg6 18. Bf3 Be5 19. Rb1 d4 20. exd4 Nxd4 21. Bxb7 Ra7 22. Bf3 Rd7 23. Na4 Bb8 24. Bxd4 Rxd4 25. Qc2 Qd6 26. g3 Ba7 27. Qc6 {Carlsen,M (2832)-Grischuk,A (2750) Chess.com INT 2017 ½-½ (56)}) ({RR} 12... a6 13. Bd3 Bg4 14. h3 Bh5 15. Be2 Re8 16. Nh4 Bg6 17. Nxg6 hxg6 18. Bf3 Be5 19. Rb1 d4 20. exd4 Nxd4 21. Bxb7 Ra7 22. Bf3 Rd7 23. Na4 Bb8 24. Bxd4 Rxd4 25. Qc2 Qd6 26. g3 Ba7 27. Qc6 {Carlsen,M (2832)-Grischuk,A (2750) Chess.com INT 2017 ½-½ (56)}) 13. Be2 ({RR} 13. Nd4 a6 14. Be2 Rc8 15. Rc1 Qe7 16. Rc2 Rc7 17. Qb1 Rfc8 18. Rfc1 Bd7 19. h3 Nc6 20. Na4 Nxd4 21. Bxd4 Rxc2 22. Rxc2 Rxc2 23. Qxc2 Be5 24. Qb2 Bxd4 25. Qxd4 Bxa4 26. bxa4 h5 27. Bd1 Qc7 {Aravindh,C (2692)-Hovhannisyan,R (2629) Jermuk ARM 2026 ½-½ (51)}) ({RR} 13. Nd4 a6 14. Be2 Rc8 15. Rc1 Qe7 16. Rc2 Rc7 17. Qb1 Rfc8 18. Rfc1 Bd7 19. h3 Nc6 20. Na4 Nxd4 21. Bxd4 Rxc2 22. Rxc2 Rxc2 23. Qxc2 Be5 24. Qb2 Bxd4 25. Qxd4 Bxa4 26. bxa4 h5 27. Bd1 Qc7 {Aravindh,C (2692)-Hovhannisyan,R (2629) Jermuk ARM 2026 ½-½ (51)}) 13... Nxf3+ 14. Bxf3 Be5 15. Qd2 $146 ({RR} 15. Na4 Bxb2 16. Nxb2 Qa5 17. Qd4 Rfc8 18. Nd3 Qc3 19. Rfc1 Qxd4 20. exd4 Rxc1+ 21. Rxc1 Rc8 22. Rxc8+ Bxc8 23. Kf1 g5 24. Ke1 Kf8 25. Kd2 Ke7 26. g3 Kd6 27. Ne5 Be6 28. Ke3 Nd7 29. Nxd7 Bxd7 {Smirnov,P (2544)-Grachev,B (2619) Tuapse 2022 ½-½ (40)}) ({RR} 15. Na4 Bxb2 16. Nxb2 Rc8 17. Qd4 Qa5 18. Nd3 Qc3 19. Qxc3 Rxc3 20. Nf4 g5 21. Ne2 Rc5 22. Nd4 Rfc8 23. Rfd1 Bd7 24. Be2 Ne4 25. f3 Nd6 26. Bd3 h5 27. h4 gxh4 28. Kf2 Kg7 29. Rh1 h3 {Daneshvar,B (2600)-Sargsyan,S (2665) Tashkent UZB 2025 ½-½}) ({RR} 15. Na4 Bxb2 16. Nxb2 Qa5 17. Qd4 Rfc8 18. Nd3 Qc3 19. Rfc1 Qxd4 20. exd4 Rxc1+ 21. Rxc1 Rc8 22. Rxc8+ Bxc8 23. Kf1 g5 24. Ke1 Kf8 25. Kd2 Ke7 26. g3 Kd6 27. Ne5 Be6 28. Ke3 Nd7 29. Nxd7 Bxd7 {Smirnov,P (2544)-Grachev,B (2619) Tuapse 2022 ½-½ (40)}) ({RR} 15. Na4 Bxb2 16. Nxb2 Rc8 17. Qd4 Qa5 18. Nd3 Qc3 19. Qxc3 Rxc3 20. Nf4 g5 21. Ne2 Rc5 22. Nd4 Rfc8 23. Rfd1 Bd7 24. Be2 Ne4 25. f3 Nd6 26. Bd3 h5 27. h4 gxh4 28. Kf2 Kg7 29. Rh1 h3 {Daneshvar,B (2600)-Sargsyan,S (2665) Tashkent UZB 2025 ½-½}) 15... Qa5 16. Rfd1 Rfd8 17. Ne2 Qxd2 18. Rxd2 Bxb2 19. Rxb2 Rac8 20. Rd1 g5 21. Nd4 Kg7 1/2-1/2